000 00536nam a2200169Ia 4500
003 GCL
008 140319s9999 xx 000 0 ara d
040 _aGCL /
_cGCL
082 0 4 _aق
_b905
_bج د
100 1 _aجامعة الملك سعود
245 1 0 _aدراسات فى الاثار: الكتاب الاول بحوث علمية محكمة /
_cجامعة الملك سعود
300 _a329
490 _aكتاب
_v0
650 0 4 _aالتاريخ الاسلامى
650 0 4 _aالاثار الاسلامية
942 _2ddc
_cBK
999 _c42555
_d42555